| 000 | 00640nam a22002057a 4500 | ||
|---|---|---|---|
| 999 |
_c443346 _d443346 |
||
| 003 | UA-OsUOA | ||
| 005 | 20191217152734.0 | ||
| 008 | 191217b un ||||| |||| 00| 0 ukr d | ||
| 040 |
_aUA-OsUOA _bukr _cUA-OsUOA _dUA-OsUOA |
||
| 041 | _aukr | ||
| 080 | _a94(47+52) | ||
| 090 |
_a94(47+52) _bВ87 |
||
| 245 | _aВторая Мировая Война и современность | ||
| 260 |
_aМосква _bНаука _c1972 |
||
| 300 | _a355 с. | ||
| 650 | _a94 | ||
| 942 |
_2udc _cBK |
||
| 955 | _a1 | ||